000 00650nam a2200229 i 4500
001 C2-0237287
003 PPAK
005 20180727200833.0
008 011209s1994 io |||| ||||| | may d
020 _a9794594903
040 _aPPAK
_beng
_cPPAK
_erda
082 0 4 _a499.22115
_223
090 0 0 _a499.22115
_bMOR
_dKIH
245 0 0 _aMorfologi Adjektiva Bahasa Alas
264 1 _aJakarta, Indonesia :
_bPusat Pembinaan dan Pengembangan Bahasa ,
_c1994
300 _ax, 65 pages ;
_c21 cm
336 _2rdacontent
_atext
337 _2rdamedia
_aunmediated
338 _2rdacarrier
_avolume
650 1 0 _aAlas Language - Morpology
942 _ddc
_cB
999 _c52970
_d52970